000
00321nam a2200145Ia 4500
008
210210b xxu||||| |||| 00| 0 eng d
041
_a
eng
082
_a
874/5
100
_a
KUMARANASHAN (N)
245
_a
Niroopanangal
260
_a
_b
-
_c
650
_a
Niroopanangal
690
_a
Malayalam Criticism
906
_a
002600
999
_c
124570
_d
124570